• 首页
  • 本馆介绍
  • 公告通知
  • 最新文献
  • 馆藏检索
  • 电子资源
  • 读者导购
  • 参考咨询
  • 我的图书馆
  • 登录
  • 详细信息显示
  • 放入我的书架
  • 预约/预借图书
  • 作者相关作品
  • 分类相关作品
  • 丛书相关作品
  • 出版社相关作品

书目信息

  • 表格格式
  • 工作单格式
  • 卡片格式
题名:
从保护环境说起
    
 
作者: 郑树仁 编
分册:  
出版信息: 北京   燃料化学工业出版社  1973
页数: 128页
开本: 19cm
丛书名:
单 册:
中图分类: X50
科图分类:
主题词: 环境污染 , 环境污染--污染防治
电子资源:
ISBN:
000 00666nam0 2200241 45
001 0175002422
005 20060418104205.39
010    @dCNY0.30
100    @a19951019d1973 em y0chiy0121 ea
101 0  @achi
102    @aCN@b110000
105    @ay z 000yy
200 10 @a从保护环境说起@Acong bao hu huan jing shuo qi@f郑树仁等编@Fzheng shu ren deng bian
210    @a北京@c燃料化学工业出版社@d1973
215    @a128页@d19cm
300    @a工业“三废”综合利用普及读物
606 0  @a环境污染
606 0  @a环境污染@x污染防治
690    @aX50@v3
701  0 @a郑树仁@Azheng shu ren@4编
801  2 @aCN@bNLC@c20060418
801  0 @aCN@bTSSF
905    @a10447@dX50@e4
    
    从保护环境说起/郑树仁等编.-北京:燃料化学工业出版社,1973
    128页;19cm
    工业“三废”综合利用普及读物
    
    ISBN :CNY0.30
    
●
相关链接 在E读中查询图书 在五车中查询图书 在当当中查询图书 在豆瓣中查询图书


正题名:从保护环境说起     索取号:X50/4         预约/预借

序号 登录号 条形码 馆藏地/架位号 状态 备注
1 0017261   202248246   密集书库/ [索取号:X50/4] 在馆    
唐山师范学院图书馆 欢迎您!
大连网信软件有限公司© 版权所有